000 00495nam a2200181Ia 4500
005 20250326143138.0
008 250326s9999 xx 000 0 und d
037 _aTextbook
040 _aFMSL
_beng
_cFMSL
041 _aeng
_2eng
084 _aX5:5.1 M5
_qFMSL
100 _aRugman A
_9747208
245 0 _aMultinationals and transfer pricing
_cRugman A
260 _aLondon
_bLondon, Croom Helm
_c1985
300 _a336p
942 _cTB
_hX5:5.1 M5
999 _c1298308
_d1298308